| 000 | nam a22 7a 4500 | ||
|---|---|---|---|
| 999 |
_c27510 _d27510 |
||
| 008 | 170208b xxu||||| |||| 00| 0 eng d | ||
| 020 | _a9780891082552 | ||
| 050 | _aLC 3993.9 .B37 1998 | ||
| 100 | _aVanTassel- Baska | ||
| 245 |
_aExcellence in Educating: _bGifted & Talented Learners/ _cJoyce VanTassel- Baska |
||
| 250 | _a3rd ed. | ||
| 260 |
_aLondon: _bLove Publishing Company. _c1998. |
||
| 300 |
_axii,532p.: _bill.; _c25cm. |
||
| 521 | _aIncludes index. | ||
| 650 | _aGifted Children-- Education United States. | ||
| 942 |
_2lcc _cBOOKS _hLC 3993.9 .B37 1998 |
||